Every song on MBDTF - Statistics

General Stats
  • This quiz has been taken 18 times
  • The average score is 9 of 12
Answer Stats
Streams Answer % Correct
939M Power
100%
683M All of the Lights
94%
724M Runaway
88%
363M Monster
82%
218M Dark Fantasy
76%
222M Gorgeous
76%
88M Blame Game
71%
92M Hell Of A Life
71%
104M Lost In The World
71%
87M So Appalled
71%
33M Who Will Survive In America
65%
462M Devil In A New Dress
59%
No matching quizzes found
Score Distribution
Percent of People with Each Score
Percentile by Number Answered
Your Score History
You have not taken this quiz